[Event "TCh-FRA Top 16 GpA 2023"]
[Site "Chartres FRA"]
[Date "2023.06.03"]
[Round "3.4"]
[Board "2"]
[White "Grigoryan, Karen H."]
[Black "Grandelius, Nils"]
[Result "1/2-1/2"]
[WhiteTitle "GM"]
[BlackTitle "GM"]
[WhiteElo "2626"]
[BlackElo "2674"]
[WhiteTeam "Lyon Olympique Echecs"]
[BlackTeam "Echiquier Chalonnais"]
[WhiteFideId "13301004"]
[BlackFideId "1710400"]
[EventDate "2023.06.01"]

1. Nf3 d5 2. e3 Nf6 3. b3 Bf5 4. Ba3 Nbd7 5. c4 c6 6. cxd5 cxd5 7. Be2 e6 8.
Bxf8 Nxf8 9. Nc3 N8d7 10. O-O h6 11. b4 O-O 12. h3 Bg6 13. d4 Bh5 14. Nd2 Bxe2
15. Qxe2 Nb6 16. a4 Rc8 17. Rfc1 Qe7 18. a5 Nc4 19. Rab1 Nxd2 20. Qxd2 Qd7 21.
Qd1 Rc7 22. Na4 Rfc8 23. Nc5 Qb5 24. Qd3 Qxd3 25. Nxd3 Ne4 26. Rxc7 Rxc7 27. Rc1
Rxc1+ 1/2-1/2

[Event "TCh-FRA Top 16 GpA 2023"]
[Site "Chartres FRA"]
[Date "2023.06.03"]
[Round "3.4"]
[Board "3"]
[White "Fedorchuk, Sergey A."]
[Black "Pichot, Alan"]
[Result "1/2-1/2"]
[WhiteTitle "GM"]
[BlackTitle "GM"]
[WhiteElo "2579"]
[BlackElo "2638"]
[WhiteTeam "Echiquier Chalonnais"]
[BlackTeam "Lyon Olympique Echecs"]
[WhiteFideId "14102536"]
[BlackFideId "110973"]
[EventDate "2023.06.01"]

1. e4 e5 2. Nf3 Nc6 3. Bb5 a6 4. Ba4 Nge7 5. c3 Ng6 6. d4 exd4 7. cxd4 Bb4+ 8.
Nc3 d5 9. exd5 Bxc3+ 10. bxc3 Qxd5 11. Bb3 Qe4+ 12. Be3 O-O 13. O-O Bg4 14. Ng5
Bxd1 15. Nxe4 Bxb3 16. axb3 b6 17. d5 Rfe8 18. Nd2 Nce5 19. h3 Rad8 20. c4 a5
21. Nb1 Nh4 1/2-1/2

[Event "TCh-FRA Top 16 GpA 2023"]
[Site "Chartres FRA"]
[Date "2023.06.03"]
[Round "3.4"]
[Board "4"]
[White "Tahay, Alexis"]
[Black "Velten, Paul"]
[Result "1-0"]
[WhiteTitle "IM"]
[BlackTitle "GM"]
[WhiteElo "2421"]
[BlackElo "2493"]
[WhiteTeam "Lyon Olympique Echecs"]
[BlackTeam "Echiquier Chalonnais"]
[WhiteFideId "26090961"]
[BlackFideId "681091"]
[EventDate "2023.06.01"]

1. e4 c6 2. d4 d5 3. e5 Bf5 4. h4 h5 5. c4 Bxb1 6. Rxb1 e6 7. b4 dxc4 8. Bxc4
Nd7 9. Nf3 Nb6 10. Bd3 Nd5 11. Bd2 Nh6 12. b5 Be7 13. bxc6 bxc6 14. Qc2 Rc8 15.
O-O Nb6 16. Rfc1 Bxh4 17. Ba6 Rc7 18. Qe4 Ng4 19. g3 Be7 20. Rxc6 Rxc6 21. Qxc6+
Qd7 22. Qxd7+ Kxd7 23. a4 Ra8 24. a5 Nd5 25. Bb5+ Kc7 26. a6 Rf8 27. Ba5+ Kc8
28. Bc6 Bd8 29. Bb7+ Kd7 30. Bxd8 Rxd8 31. Bxd5 exd5 32. Rb7+ Kc6 33. Rxa7 Kb6
34. Rxf7 Kxa6 35. Rxg7 Kb5 36. Rh7 Ra8 37. e6 Kc6 38. Rxh5 Kd6 39. Rh4 Nf6 40.
Ng5 Rg8 41. f4 Ra8 42. Rh6 Ra1+ 43. Kg2 Ng4 44. Rh8 Ne3+ 45. Kf2 Ng4+ 46. Kf3
Nf6 47. Rf8 Ra3+ 48. Kg2 Nh5 49. Rd8+ Ke7 50. Rd7+ Kf8 51. Nf3 Ra2+ 52. Kh3 Ra3
53. Ng5 Ke8 54. Kh4 Nxg3 55. Rxd5 Ne2 56. f5 Nf4 57. Rb5 Ng2+ 58. Kg4 Ne3+ 59.
Kh5 Ke7 60. Rb7+ Kd6 61. f6 Ra8 62. f7 Nf5 63. Kg6 Ne7+ 64. Kg7 Nf5+ 65. Kf6 1-0

[Event "TCh-FRA Top 16 GpA 2023"]
[Site "Chartres FRA"]
[Date "2023.06.03"]
[Round "3.4"]
[Board "5"]
[White "Salgado Lopez, Ivan"]
[Black "Vernay, Clovis"]
[Result "1-0"]
[WhiteTitle "GM"]
[BlackTitle "GM"]
[WhiteElo "2591"]
[BlackElo "2491"]
[WhiteTeam "Echiquier Chalonnais"]
[BlackTeam "Lyon Olympique Echecs"]
[WhiteFideId "2257327"]
[BlackFideId "633046"]
[EventDate "2023.06.01"]

1. Nf3 d5 2. g3 Nf6 3. Bg2 c6 4. O-O Bg4 5. h3 Bxf3 6. Bxf3 e6 7. d3 Nbd7 8. Nd2
a5 9. e4 a4 10. a3 Bc5 11. Bg2 O-O 12. Kh2 Re8 13. Qe2 e5 14. exd5 cxd5 15. c4
e4 16. cxd5 e3 17. Ne4 exf2 18. Be3 Bxe3 19. Qxe3 Ne5 20. Nxf6+ Qxf6 21. Be4 g6
22. Rxf2 Qd6 23. Qd4 h5 24. Raf1 h4 25. Rf6 Ng4+ 26. hxg4 Qxg3+ 27. Kh1 Qh3+ 28.
Kg1 Qg3+ 29. Bg2 h3 30. Qf2 Qxg2+ 31. Qxg2 hxg2 32. Kxg2 Re7 33. Rb6 Ra5 34. d6
Rd7 35. Rf4 Kg7 36. Kf3 Rd5 37. Ke3 R5xd6 38. Rxd6 Rxd6 39. Rxa4 Kf6 40. Rf4+
Ke6 41. g5 Ke7 42. a4 Rd5 43. Rb4 Rd7 44. Rb6 Kd8 45. Ke4 Kc8 46. Rf6 Re7+ 47.
Kd4 Rd7+ 48. Kc4 Rc7+ 49. Kb5 Rd7 50. b4 Rd5+ 51. Kb6 Rd7 52. b5 Kd8 53. a5 Kc8
54. d4 Rxd4 55. Rxf7 1-0

[Event "TCh-FRA Top 16 GpA 2023"]
[Site "Chartres FRA"]
[Date "2023.06.03"]
[Round "3.4"]
[Board "6"]
[White "Benitah, Yohan"]
[Black "David, Alberto"]
[Result "1/2-1/2"]
[WhiteTitle "IM"]
[BlackTitle "GM"]
[WhiteElo "2361"]
[BlackElo "2540"]
[WhiteTeam "Lyon Olympique Echecs"]
[BlackTeam "Echiquier Chalonnais"]
[WhiteFideId "609560"]
[BlackFideId "4000013"]
[EventDate "2023.06.01"]

1. d4 Nf6 2. c4 e6 3. Nc3 Bb4 4. Qc2 d6 5. Nf3 O-O 6. Bd2 b6 7. e3 Bb7 8. Bd3
Nbd7 9. Ne4 Nxe4 10. Bxe4 Bxe4 11. Qxe4 Bxd2+ 12. Nxd2 c5 13. O-O Rc8 14. Rfd1
Nf6 15. Qf4 cxd4 16. Qxd4 d5 17. h3 h6 18. a3 Qc7 19. cxd5 Nxd5 20. Nf3 Nf6 21.
Qa4 Qc2 22. Qxa7 Ne4 23. Rf1 Qxb2 24. Rab1 Qc3 25. Qxb6 Qxa3 26. Qb4 1/2-1/2

[Event "TCh-FRA Top 16 GpA 2023"]
[Site "Chartres FRA"]
[Date "2023.06.03"]
[Round "3.4"]
[Board "7"]
[White "Bournel, Antoine"]
[Black "Buscara, Sevan"]
[Result "1/2-1/2"]
[WhiteTitle "IM"]
[BlackTitle "IM"]
[WhiteElo "2354"]
[BlackElo "2361"]
[WhiteTeam "Echiquier Chalonnais"]
[BlackTeam "Lyon Olympique Echecs"]
[WhiteFideId "26093553"]
[BlackFideId "650234"]
[EventDate "2023.06.01"]

1. c4 c6 2. Nf3 d5 3. e3 Nf6 4. Nc3 e6 5. b3 Bd6 6. Bb2 Qe7 7. d4 Nbd7 8. Be2
O-O 9. O-O Re8 10. Re1 dxc4 11. Bxc4 e5 12. Ng5 Rf8 13. Qc2 h6 14. Nge4 Nxe4 15.
Nxe4 Bb4 16. Red1 exd4 17. Bxd4 Ne5 18. a3 Bf5 19. axb4 Nxc4 20. Bc5 Nxe3 21.
fxe3 Bxe4 22. Qc4 Qe5 23. Bxf8 Rxf8 24. Qd4 Qe6 25. Rxa7 Qxb3 26. h3 b6 27. Rd7
Bd5 28. Rd2 Re8 29. Qxb6 Rxe3 30. Kh2 Qc3 31. Qb8+ Kh7 32. Rf2 Qe1 33. Rdxf7
Bxf7 34. Rxf7 Re6 35. Qg3 1/2-1/2

[Event "TCh-FRA Top 16 GpA 2023"]
[Site "Chartres FRA"]
[Date "2023.06.03"]
[Round "3.4"]
[Board "8"]
[White "Djidjeli, Sarah"]
[Black "Alexieva, Silvia"]
[Result "1/2-1/2"]
[WhiteTitle "WFM"]
[BlackTitle "IM"]
[WhiteElo "2018"]
[BlackElo "2213"]
[WhiteTeam "Lyon Olympique Echecs"]
[BlackTeam "Echiquier Chalonnais"]
[WhiteFideId "36067474"]
[BlackFideId "2902265"]
[EventDate "2023.06.01"]

1. e4 c5 2. Nf3 e6 3. d4 cxd4 4. Nxd4 Nc6 5. Nc3 Qc7 6. Be3 a6 7. a3 b5 8. Nxc6
Qxc6 9. h4 Bb7 10. h5 h6 11. Qd2 Nf6 12. e5 Nd5 13. Nxd5 Qxd5 14. Qxd5 Bxd5 15.
Rh4 Bc6 16. Rg4 f5 17. exf6 gxf6 18. Bd3 Kf7 19. O-O-O f5 20. Rg6 Rg8 21. Rxg8
Kxg8 22. g4 fxg4 23. Rg1 Bf3 24. Be4 Bxe4 25. Rxg4+ Kh7 26. Rxe4 Bg7 27. Bc5 Rc8
28. Bb4 e5 29. Re3 d5 30. Bd6 e4 31. f3 Rc6 32. Bb4 Bd4 33. Rb3 Rf6 34. fxe4
dxe4 35. Rg3 Rf1+ 36. Kd2 Rf2+ 37. Kd1 Rh2 38. Rg4 Bxb2 39. Rxe4 Rxh5 40. Re7+
Kg8 41. Ra7 Bg7 42. Rxa6 Rg5 43. Rc6 h5 44. c4 h4 45. cxb5 h3 46. Bd6 Rxb5 47.
Ke2 h2 48. Rc1 Rb2+ 49. Kf3 Bd4 50. Rh1 Bg1 51. Kg4 Kf7 52. Kh3 Ra2 53. Bxh2
Bxh2 54. Rxh2 Rxa3+ 1/2-1/2

[Event "TCh-FRA Top 16 GpA 2023"]
[Site "Chartres FRA"]
[Date "2023.06.04"]
[Round "4.1"]
[Board "2"]
[White "Ter-Sahakyan, Samvel"]
[Black "Mamedov, Rauf"]
[Result "1/2-1/2"]
[WhiteTitle "GM"]
[BlackTitle "GM"]
[WhiteElo "2598"]
[BlackElo "2642"]
[WhiteTeam "Lyon Olympique Echecs"]
[BlackTeam "C'Chartres Echecs"]
[WhiteFideId "13302531"]
[BlackFideId "13401653"]
[EventDate "2023.06.01"]

1. d4 Nf6 2. c4 c6 3. Nc3 d5 4. Nf3 e6 5. Bg5 Be7 6. e3 O-O 7. Qc2 Nbd7 8. Rd1
h6 9. Bf4 Nh5 10. Be5 Nhf6 11. Bg3 Nh5 12. Bd3 a6 13. Be5 Nhf6 14. O-O dxc4 15.
Bxc4 b5 16. Bb3 Qb6 17. Ne4 a5 18. Bxf6 Bxf6 19. Nxf6+ Nxf6 20. a3 Ba6 21. Ne5
Rfc8 22. Nd3 b4 23. Bc4 Bxc4 24. Qxc4 bxa3 25. bxa3 Qb5 26. Rc1 Nd7 27. h3 Rab8
28. Nc5 Nxc5 29. Qxc5 a4 30. Rc3 Qb2 31. Rc2 Qb3 32. Rfc1 Qd3 33. Rc3 Qd2 34.
R3c2 Qd3 35. Qc3 Qa6 36. Rb2 Rb5 37. Qc4 Ra8 38. Rb4 Rxb4 39. Qxb4 Qb5 40. Rc4
Ra6 41. Kh2 Kh7 42. Qc3 Qb8+ 43. g3 Qb3 44. Qc2+ g6 45. Rc3 Qb5 46. Rc5 Qf1 47.
Qb2 Rb6 48. Qxb6 1/2-1/2

[Event "TCh-FRA Top 16 GpA 2023"]
[Site "Chartres FRA"]
[Date "2023.06.04"]
[Round "4.1"]
[Board "3"]
[White "Tiviakov, Sergei"]
[Black "Pichot, Alan"]
[Result "0-1"]
[WhiteTitle "GM"]
[BlackTitle "GM"]
[WhiteElo "2548"]
[BlackElo "2638"]
[WhiteTeam "C'Chartres Echecs"]
[BlackTeam "Lyon Olympique Echecs"]
[WhiteFideId "1008013"]
[BlackFideId "110973"]
[EventDate "2023.06.01"]

1. e4 e5 2. Nf3 Nc6 3. Bc4 Nf6 4. d3 h6 5. c3 d6 6. Bb3 g5 7. Nbd2 g4 8. Ng1 h5
9. Nf1 Be6 10. Bg5 Rg8 11. Bh4 Be7 12. Ne3 Nd7 13. Bxe7 Qxe7 14. Ne2 O-O-O 15.
Ba4 Nb6 16. Bxc6 bxc6 17. d4 h4 18. Qd3 Qf6 19. a4 d5 20. Qa6+ Kb8 21. a5 Bc8
22. Qd3 dxe4 23. Qxe4 Nd7 24. Nxg4 Qe6 25. Ne3 Ba6 26. Rd1 Rde8 27. Qxh4 f5 28.
dxe5 Nxe5 29. Qb4+ Ka8 30. Nd4 Qf6 31. g3 f4 32. gxf4 Qxf4 33. Rd2 Nf3+ 34. Nxf3
Qxf3 0-1

[Event "TCh-FRA Top 16 GpA 2023"]
[Site "Chartres FRA"]
[Date "2023.06.04"]
[Round "4.1"]
[Board "4"]
[White "Vernay, Clovis"]
[Black "Lagarde, Maxime"]
[Result "0-1"]
[WhiteTitle "GM"]
[BlackTitle "GM"]
[WhiteElo "2491"]
[BlackElo "2597"]
[WhiteTeam "Lyon Olympique Echecs"]
[BlackTeam "C'Chartres Echecs"]
[WhiteFideId "633046"]
[BlackFideId "662399"]
[EventDate "2023.06.01"]

1. d4 Nf6 2. c4 g6 3. f3 Bg7 4. e4 d6 5. Nc3 O-O 6. Be3 c5 7. d5 a6 8. a4 e6 9.
Nge2 exd5 10. cxd5 Nbd7 11. Ng3 h5 12. Be2 h4 13. Nf1 Nh7 14. h3 f5 15. Nd2 Bd4
16. Nc4 Bxe3 17. Nxe3 Qg5 18. Qd2 Ne5 19. O-O-O f4 20. Nc4 Nxc4 21. Bxc4 Qe5 22.
a5 Bd7 23. Bb3 b5 24. axb6 Rab8 25. Na4 Ng5 26. Qa5 Rb7 27. Rhe1 Nf7 28. Re2
Rfb8 29. Bc4 Bxa4 30. Qxa4 Rxb6 31. Rdd2 Rb4 32. Qa2 a5 33. Rd3 a4 34. Rc2 Qe8
35. Rdc3 Ne5 36. Kd1 R8b7 37. Be2 Qb8 38. Ke1 Rxb2 39. Rxb2 Rxb2 40. Qxa4 c4 41.
Ra3 Rb1+ 42. Bd1 Nd3+ 43. Kd2 Qb2+ 44. Bc2 Qc1+ 45. Kc3 Qe1+ 0-1

[Event "TCh-FRA Top 16 GpA 2023"]
[Site "Chartres FRA"]
[Date "2023.06.04"]
[Round "4.1"]
[Board "5"]
[White "Maurizzi, Marc'Andria"]
[Black "Tahay, Alexis"]
[Result "1-0"]
[WhiteTitle "GM"]
[BlackTitle "IM"]
[WhiteElo "2548"]
[BlackElo "2421"]
[WhiteTeam "C'Chartres Echecs"]
[BlackTeam "Lyon Olympique Echecs"]
[WhiteFideId "36083534"]
[BlackFideId "26090961"]
[EventDate "2023.06.01"]

1. Nf3 c5 2. e4 d6 3. Bb5+ Nd7 4. d4 cxd4 5. Nxd4 Nf6 6. Bd3 g6 7. c4 Bg7 8. Nc3
O-O 9. O-O Ne5 10. Be2 Bd7 11. f3 Qa5 12. Be3 Rfc8 13. Nb3 Qd8 14. Nd2 Be6 15.
Nd5 Nfd7 16. Rb1 a5 17. f4 Nc6 18. Nf3 Nc5 19. e5 Nb4 20. Nxb4 axb4 21. Qd2 Rxa2
22. Qxb4 Ra4 23. Qc3 dxe5 24. fxe5 Nd7 25. b3 Ra5 26. Bd4 Qc7 27. Ng5 Bf5 28. e6
Bxd4+ 29. Qxd4 fxe6 30. Rxf5 Rxf5 31. Nxe6 Qe5 32. Qxd7 Ra8 33. Bg4 Qe3+ 34. Kh1
Re5 35. h3 Qg3 36. Qd2 h5 37. Bf3 Rxe6 38. Bd5 Ra6 39. Re1 Kf7 40. Qe2 1-0

[Event "TCh-FRA Top 16 GpA 2023"]
[Site "Chartres FRA"]
[Date "2023.06.04"]
[Round "4.1"]
[Board "6"]
[White "Buscara, Sevan"]
[Black "Bauer, Christian"]
[Result "0-1"]
[WhiteTitle "IM"]
[BlackTitle "GM"]
[WhiteElo "2361"]
[BlackElo "2593"]
[WhiteTeam "Lyon Olympique Echecs"]
[BlackTeam "C'Chartres Echecs"]
[WhiteFideId "650234"]
[BlackFideId "603767"]
[EventDate "2023.06.01"]

1. e4 e6 2. d4 d5 3. Nc3 Bb4 4. exd5 exd5 5. Bd3 Nc6 6. Ne2 Nge7 7. O-O Bg4 8.
Qd2 Qd7 9. a3 Ba5 10. Qf4 O-O 11. Ng3 Ng6 12. Qg5 Bxc3 13. bxc3 f6 14. Qd2 Nh4
15. f3 Be6 16. Qf2 Na5 17. Nh5 Ng6 18. Qg3 Rf7 19. Bh6 Raf8 20. Rae1 Nc6 21.
Bxg6 hxg6 22. Qxg6 Bf5 23. Qg3 Bxc2 24. Rf2 Bf5 25. Rfe2 Kh8 26. Bc1 Nd8 27. a4
Rg8 28. Ba3 Nc6 29. Nf4 g5 30. Ne6 b6 31. h4 g4 32. fxg4 Be4 33. Rxe4 dxe4 34.
Rxe4 f5 35. Re5 Rxg4 36. Qe3 Nxe5 37. Qxe5+ Kg8 38. d5 Rxa4 39. Qg3+ Rg4 40. Qe5
Re4 41. Qg3+ Rg4 42. Qe5 Qa4 0-1

[Event "TCh-FRA Top 16 GpA 2023"]
[Site "Chartres FRA"]
[Date "2023.06.04"]
[Round "4.1"]
[Board "7"]
[White "Guliyev, Namig"]
[Black "Crut, Aurelien"]
[Result "1-0"]
[WhiteTitle "GM"]
[BlackTitle "IM"]
[WhiteElo "2521"]
[BlackElo "2343"]
[WhiteTeam "C'Chartres Echecs"]
[BlackTeam "Lyon Olympique Echecs"]
[WhiteFideId "13400363"]
[BlackFideId "610569"]
[EventDate "2023.06.01"]

1. e4 e6 2. d4 d5 3. Nc3 Be7 4. e5 c5 5. Qg4 Kf8 6. dxc5 h5 7. Qd1 Nd7 8. Nf3
Nh6 9. h3 h4 10. a3 Nxc5 11. b4 Nd7 12. Bd3 a5 13. Rb1 axb4 14. axb4 g6 15. O-O
Nf5 16. Bxf5 gxf5 17. Be3 Kg7 18. Nb5 Nb6 19. Bc5 Nc4 20. Qd4 Bd7 21. Bxe7 Qxe7
22. Nd6 Nxd6 23. exd6+ Qf6 24. Ne5 Bb5 25. Rfe1 Bc4 26. Qb6 Rad8 27. Ra1 Rhg8
28. Ra7 Kh7 29. Qxb7 Rg7 30. Qxf7 Qxf7 31. Nxf7 Rxd6 32. Ng5+ Kg6 33. Rxe6+ Rxe6
34. Rxg7+ Kxg7 35. Nxe6+ Kf6 36. Nd4 Ke5 37. Nf3+ Ke4 38. Nxh4 f4 39. Nf3 Be2
40. h4 Bd1 41. h5 1-0

[Event "TCh-FRA Top 16 GpA 2023"]
[Site "Chartres FRA"]
[Date "2023.06.04"]
[Round "4.1"]
[Board "8"]
[White "Rollot, Florence"]
[Black "Daulyte-Cornette, Deimante"]
[Result "0-1"]
[BlackTitle "IM"]
[WhiteElo "2018"]
[BlackElo "2354"]
[WhiteTeam "Lyon Olympique Echecs"]
[BlackTeam "C'Chartres Echecs"]
[WhiteFideId "26016060"]
[BlackFideId "12802859"]
[EventDate "2023.06.01"]

1. g3 d5 2. Nf3 Nd7 3. c4 dxc4 4. Qa4 a6 5. Qxc4 b5 6. Qb3 e6 7. Bg2 Bb7 8. d3
Ngf6 9. O-O Be7 10. Nbd2 O-O 11. Qc2 c5 12. b3 Nd5 13. Bb2 Bf6 14. Bxf6 N5xf6
15. Qb2 Rc8 16. d4 Qb6 17. dxc5 Rxc5 18. Rac1 Rfc8 19. b4 R5c7 20. Nb3 Ne4 21.
Qd4 Bd5 22. Rxc7 Rxc7 23. Rc1 Rc4 24. Qxb6 Nxb6 25. Ne5 Rxb4 26. Rc7 f6 27. Nc6
Rc4 28. Ne7+ Kf8 29. Ra7 Nc3 30. Nxd5 Nbxd5 31. Rxa6 Nc7 32. Ra5 Nxe2+ 33. Kf1
Nc3 34. Ke1 Ke7 35. Bf1 Rb4 36. Bd3 Nxa2 37. Rxa2 Rxb3 38. Bxh7 f5 39. Bg6 b4
40. Bh5 Ra3 41. Rb2 Nd5 42. Bd1 Kd6 43. Bb3 Kc5 44. Kd2 Ra6 45. Rc2+ Nc3 46. f4
Kd4 47. Rc1 Rc6 48. Ra1 Ne4+ 49. Ke2 Rc3 50. Rd1+ Kc5 51. Bxe6 Rc2+ 52. Ke3 g6
53. g4 Rc3+ 54. Ke2 fxg4 55. Rd5+ Kc6 56. Rd4 Nc5 57. Bxg4 b3 58. Rb4 Na6 59.
Rd4 b2 60. Rd1 Rc2+ 61. Ke1 Nc5 62. Bf3+ Kb5 63. Bd5 Nd3+ 0-1

[Event "TCh-FRA Top 16 GpA 2023"]
[Site "Chartres FRA"]
[Date "2023.06.04"]
[Round "4.2"]
[Board "1"]
[White "Droin, Augustin"]
[Black "Korobov, Anton"]
[Result "0-1"]
[WhiteTitle "IM"]
[BlackTitle "GM"]
[WhiteElo "2452"]
[BlackElo "2661"]
[WhiteTeam "Tremblay en France"]
[BlackTeam "Echiquier Chalonnais"]
[WhiteFideId "45105987"]
[BlackFideId "14105730"]
[EventDate "2023.06.01"]

1. e4 c5 2. Nf3 d6 3. d4 cxd4 4. Nxd4 Nf6 5. Nc3 a6 6. Be2 e6 7. O-O Be7 8. f4
O-O 9. Bf3 Qc7 10. Be3 Nc6 11. Nxc6 bxc6 12. Na4 Bb7 13. c4 c5 14. Qc2 Nd7 15.
Rad1 Rac8 16. b3 Nb8 17. Qf2 Nc6 18. e5 dxe5 19. fxe5 Nxe5 20. Bxb7 Ng4 21. Qf4
Nxe3 22. Bxc8 Qxf4 23. Rxf4 Nxd1 24. Bxa6 Rd8 25. b4 cxb4 26. c5 Nc3 27. Rxb4
Nxa4 28. Rxa4 Bxc5+ 29. Kf1 g6 30. Rc4 Rd1+ 31. Ke2 Ra1 32. a4 Ra2+ 33. Kf1 Bd6
34. h3 Bg3 35. Rg4 Ra3 36. Ke2 h5 37. Rd4 Ra2+ 38. Kf3 h4 39. Bb7 Kg7 40. Ke4 0-1

[Event "TCh-FRA Top 16 GpA 2023"]
[Site "Chartres FRA"]
[Date "2023.06.04"]
[Round "4.2"]
[Board "2"]
[White "Grandelius, Nils"]
[Black "Shchekachev, Andrei"]
[Result "1-0"]
[WhiteTitle "GM"]
[BlackTitle "GM"]
[WhiteElo "2674"]
[BlackElo "2508"]
[WhiteTeam "Echiquier Chalonnais"]
[BlackTeam "Tremblay en France"]
[WhiteFideId "1710400"]
[BlackFideId "4107730"]
[EventDate "2023.06.01"]

1. e4 c5 2. Nf3 e6 3. d4 cxd4 4. Nxd4 a6 5. Bd3 Bc5 6. Nb3 Ba7 7. Qe2 Ne7 8. Be3
O-O 9. Bxa7 Rxa7 10. Nc3 Nbc6 11. f4 d6 12. O-O-O Qc7 13. Qh5 Nb4 14. Kb1 b5 15.
a3 Nxd3 16. Rxd3 Ng6 17. g3 Rb7 18. Rhd1 Rb6 19. R1d2 Bb7 20. Qd1 Rd8 21. h4 Ne7
22. h5 h6 23. g4 b4 24. axb4 Rxb4 25. Qe2 a5 26. Rd4 Qb6 27. Na4 Qc6 28. Nac5
Ba8 29. Rxb4 axb4 30. Rd4 Rc8 31. Nd3 Qa6 32. Qe1 d5 33. Nxb4 Qa7 34. e5 Bb7 35.
Qe3 Qb6 36. Qd2 Ba6 37. Nxa6 Qxa6 38. Qd3 Qb6 39. Qf1 Nc6 40. Ra4 Nb4 41. c3 Nc6
42. Qa6 Qg1+ 43. Ka2 Rc7 44. Qb5 Kh7 45. Ra6 Ne7 46. Qb8 Qf1 47. Ra7 Rxa7+ 48.
Qxa7 Nc8 49. Qb7 Qxf4 50. Nd4 Qxg4 51. Qxf7 Qd1 52. Qg6+ Kh8 53. Qe8+ Kh7 54.
Nxe6 1-0

[Event "TCh-FRA Top 16 GpA 2023"]
[Site "Chartres FRA"]
[Date "2023.06.04"]
[Round "4.2"]
[Board "3"]
[White "Van Foreest, Lucas"]
[Black "Salgado Lopez, Ivan"]
[Result "0-1"]
[WhiteTitle "GM"]
[BlackTitle "GM"]
[WhiteElo "2547"]
[BlackElo "2591"]
[WhiteTeam "Tremblay en France"]
[BlackTeam "Echiquier Chalonnais"]
[WhiteFideId "1039792"]
[BlackFideId "2257327"]
[EventDate "2023.06.01"]

1. d4 d5 2. c4 c6 3. Nf3 Nf6 4. Nc3 e6 5. e3 Nbd7 6. Qc2 Bd6 7. b3 O-O 8. Be2 b6
9. O-O Bb7 10. Bb2 Qe7 11. e4 Nxe4 12. Nxe4 dxe4 13. Qxe4 Rfe8 14. Rad1 Nf8 15.
Qg4 f6 16. Bd3 Rad8 17. Rfe1 Qf7 18. Bc3 c5 19. d5 exd5 20. Rxe8 Rxe8 21. cxd5
h5 22. Qh4 a6 23. Nd2 g5 24. Qh3 Be5 25. Bxe5 Rxe5 26. Nf1 b5 27. d6 Ne6 28. d7
Qxd7 29. Qxh5 Qe7 30. Qg6+ Kf8 31. Ne3 Nd4 32. Qh5 Bc6 33. Qh8+ Kf7 34. b4 Rxe3
35. fxe3 Qxe3+ 36. Kh1 Bxg2+ 0-1

[Event "TCh-FRA Top 16 GpA 2023"]
[Site "Chartres FRA"]
[Date "2023.06.04"]
[Round "4.2"]
[Board "4"]
[White "Dorfman, Iossif"]
[Black "Vlachos, Anatole"]
[Result "1-0"]
[WhiteTitle "GM"]
[BlackTitle "IM"]
[WhiteElo "2541"]
[BlackElo "2448"]
[WhiteTeam "Echiquier Chalonnais"]
[BlackTeam "Tremblay en France"]
[WhiteFideId "604011"]
[BlackFideId "26093189"]
[EventDate "2023.06.01"]

1. c4 f5 2. d4 Nf6 3. g3 e6 4. Bg2 Be7 5. Nf3 O-O 6. O-O d6 7. b3 a5 8. Bb2 a4
9. b4 Nbd7 10. a3 Ne4 11. Qc2 Qe8 12. Ne1 Qh5 13. Nd3 g5 14. f3 Nef6 15. Nd2 Nb6
16. Rae1 Bd7 17. e4 fxe4 18. fxe4 Rad8 19. e5 Ng4 20. h3 Rxf1+ 21. Nxf1 Nh6 22.
exd6 cxd6 23. c5 Na8 24. g4 Qf7 25. Ng3 Bb5 26. cxd6 Bxd6 27. Nh5 Nc7 28. Nc5
Bf4 29. d5 exd5 30. Nxb7 1-0

[Event "TCh-FRA Top 16 GpA 2023"]
[Site "Chartres FRA"]
[Date "2023.06.04"]
[Round "4.2"]
[Board "5"]
[White "Flom, Gabriel"]
[Black "Fedorchuk, Sergey A."]
[Result "1/2-1/2"]
[WhiteTitle "GM"]
[BlackTitle "GM"]
[WhiteElo "2442"]
[BlackElo "2579"]
[WhiteTeam "Tremblay en France"]
[BlackTeam "Echiquier Chalonnais"]
[WhiteFideId "621650"]
[BlackFideId "14102536"]
[EventDate "2023.06.01"]

1. d4 Nf6 2. c4 e6 3. Nc3 Bb4 4. Qc2 d6 5. Bd2 c5 6. Nf3 O-O 7. dxc5 Bxc5 8. Rd1
Nc6 9. a3 a5 10. Bg5 h6 11. Bxf6 Qxf6 12. e3 Qe7 13. Be2 Bd7 14. O-O Rfd8 15.
Rd2 Be8 16. Rfd1 Rac8 17. h3 Nb8 18. Qb1 Na6 19. Bd3 Qc7 20. Ne4 Qb8 21. Be2 Ba4
22. Rc1 Bc6 23. Rcd1 Ba4 24. Rc1 Bc6 25. Rcd1 Ba4 26. Rc1 1/2-1/2

[Event "TCh-FRA Top 16 GpA 2023"]
[Site "Chartres FRA"]
[Date "2023.06.04"]
[Round "4.2"]
[Board "6"]
[White "Velten, Paul"]
[Black "Mekhane, Adam"]
[Result "1-0"]
[WhiteTitle "GM"]
[BlackTitle "FM"]
[WhiteElo "2493"]
[BlackElo "2254"]
[WhiteTeam "Echiquier Chalonnais"]
[BlackTeam "Tremblay en France"]
[WhiteFideId "681091"]
[BlackFideId "36050601"]
[EventDate "2023.06.01"]

1. d4 Nf6 2. c4 e6 3. Nf3 d5 4. Nc3 Bb4 5. Bg5 h6 6. Bh4 g5 7. Bg3 dxc4 8. a3
Bxc3+ 9. bxc3 b5 10. a4 c6 11. Nd2 Nd5 12. Qc2 Qa5 13. Ra3 Nd7 14. h4 g4 15. e4
N5b6 16. Bd6 Nxa4 17. Bxc4 Qd8 18. e5 Nab6 19. Bxe6 Nxe5 20. Bxe5 Bxe6 21. Bxh8
Qe7 22. Qc1 f6 23. O-O Kf7 24. Bxf6 Qxf6 25. Ne4 Qxh4 26. Qf4+ Kg8 27. Qd6 Bf7
28. g3 Qd8 29. Qxh6 1-0

[Event "TCh-FRA Top 16 GpA 2023"]
[Site "Chartres FRA"]
[Date "2023.06.04"]
[Round "4.2"]
[Board "7"]
[White "Shirazi, Kamran"]
[Black "David, Alberto"]
[Result "0-1"]
[WhiteTitle "IM"]
[BlackTitle "GM"]
[WhiteElo "2278"]
[BlackElo "2540"]
[WhiteTeam "Tremblay en France"]
[BlackTeam "Echiquier Chalonnais"]
[WhiteFideId "2000733"]
[BlackFideId "4000013"]
[EventDate "2023.06.01"]

1. d4 Nf6 2. Nc3 d5 3. Bg5 h6 4. Bxf6 exf6 5. e3 c6 6. Bd3 Bd6 7. e4 O-O 8. exd5
cxd5 9. Qf3 Nc6 10. Nge2 Be6 11. a3 Re8 12. O-O g6 13. b4 h5 14. h3 Bb8 15. Rfe1
Qd6 16. Ng3 Kg7 17. Nce2 h4 18. Nf1 Bc7 19. c3 Re7 20. g4 hxg3 21. fxg3 Bxh3 22.
Nf4 Be6 23. Ra2 Rh8 24. Rae2 f5 25. Ne3 a6 26. a4 a5 27. b5 Nd8 28. Kg2 Rd7 29.
Bc2 Rh6 30. Bb3 Qa3 31. Bxd5 Bxf4 32. gxf4 Qxa4 33. c4 Bxd5 34. Nxd5 Qxc4 35.
Nb6 Qxb5 36. Nxd7 Qxd7 37. d5 Rh4 38. Qc3+ Kh7 39. Qd4 Ne6 40. Rxe6 fxe6 41.
Rxe6 Rxf4 42. Qc5 b6 43. Rxb6 Qd8 44. Rb3 Rh4 45. Rg3 Qf6 46. Qxa5 Qb2+ 47. Kf3
Qb3+ 48. Kg2 Qc2+ 49. Kf3 Qe4+ 50. Kf2 Rh2+ 0-1